000 00430nam a2200169 a 4500
001 0000-8565
003 ELIB.Books
008 110520 1907
035 _a(ELIB.Books)0000-8711
082 _a232.91
_bOrr
100 _aOrr, James
245 _aThe Virgin birth of Christ
260 _bNew York: Charles Scribner's Sons
_c1907
650 _aJesus Christ
942 _2ddc
_cBK
998 _cbat
_e2011-05-20
999 _c8565
_d8565